| 000 | 00722nam a2200229 i 4500 | ||
|---|---|---|---|
| 001 | 23353 | ||
| 003 | ES-MaACL | ||
| 005 | 20250724074946.0 | ||
| 007 | t| | ||
| 008 | 021210s1969 sp a ||||1| spa d | ||
| 080 | _a512(075.3) | ||
| 080 | _a514(075.3) | ||
| 100 | 1 |
_aÁlvarez Areces, Santiago. _920693 |
|
| 245 | 1 | 0 |
_aMatemáticas _b: curso tercero de aprendizaje industrial / _cSantiago Álvarez Areces y Manuel Fernández Flórez. |
| 260 |
_aLeón : _bEverest, _c[1969] |
||
| 300 |
_a159 p. : _bil. ; _c21 cm. |
||
| 650 | 7 |
_aÁlgebra _2embne _99720 |
|
| 650 | 7 |
_aTrigonometría _2embne _917647 |
|
| 700 | 1 |
_aFernández Flórez, Manuel. _9155318 |
|
| 852 |
_aES-MaACL _jC-48344 |
||
| 999 |
_c23353 _d23353 |
||